Global risks 2013 : an initiative of the Risk Response Network.
| Format: | Book |
|---|---|
| Published: |
Geneva:
World Economic Forum,
2013.
|
| Edition: | 8th ed. |
| Subjects: |
| LEADER | 00554cam a2200169 7i4500 | ||
|---|---|---|---|
| 001 | 0000030374 | ||
| 005 | 20131011090000.0 | ||
| 020 | 0 | 0 | |a 9789295044500 |
| 090 | 0 | 0 | |a I 332.673 |b GLO |
| 245 | 0 | 0 | |a Global risks 2013 : |b an initiative of the Risk Response Network. |
| 250 | 0 | 0 | |a 8th ed. |
| 260 | 0 | 0 | |a Geneva: |b World Economic Forum, |c 2013. |
| 300 | # | # | |a 78 p. |
| 650 | 0 | 0 | |a Investment, Foreign |
| 650 | 0 | 0 | |a Globalization -- |x Economic aspects |
| 650 | 0 | 0 | |a International finance -- |x Government policy |
| 999 | |a 0000033217 |b Book |c International |e Business Information Centre | ||


